000 00604nam a2200217Ia 4500
999 _c50501
_d50501
001 17450
003 GE_BSU
005 20200302105235.0
008 181216s2006||||enk|||||||||||||| ||eng||
020 _a9781405082044
040 _cGE_BSU
041 _aeng
080 _a811.111 H-70
100 _aHird, Jon
_97664
245 _aInside out :
_bgrammar companion. Pre-intermediate /
_cJon Hird, Jonathan Marks.
264 _bMacmillan,
_c2006.
300 _a51 p.
_b30 cm.
653 _aინგლისური ენა
700 _a Marks, Jonathan
_eავტორი
_97665
942 _cBK
_2udc